000 01338nam a2200337 i 4500
003 EG-GICUC
005 20260502035725.0
008 260414s1967 fr ||||fr|||| 000 0 fre d
040 _aEG-GiCUC
_bfre
_cEG-GiCUC
_dEG-GiCUC
_erda
041 0 _afre
082 0 4 _221
_a343.3311
_bRA . M
092 0 4 _221
099 _aLaw1 10 343.3311 RA . M 1967
100 1 _a Rassat, Michèle-laure
_eAuteur
245 1 3 _aLe Ministère Public :
_bEntre Son Passé Et Son Avenir /
_cPar Michèle-laure Rassat ; Préface De Robert Vouin
264 1 _aParis :
_bLibrairie Generale De Droit Et De Jurisprudence,
_c1967.
300 _a283 page, pages non numérotées, pagination diverse ;
_c 24 cm.
336 _2rda contenu
_a texte
337 _2rda medias
_aOrdinateur
338 _2 transporteur rda
_a Ressource en ligne
500 _aOuvrage honeré d'une subvention par la Ministère de l'éducation Nationste at couronné par la Faculté de Droit et des Sciences Economiques de Paris.
500 _aNouveau Tirage 1975.
504 _aComprend des références bibliographiques.
546 _aTexte en français
650 1 _aDroit pénal
_2qrmak
651 1 _2qrmak
700 1 _aVouin, Robert
_ePréfacier
856 4 0 _uhttps://fll.law.cu.edu.eg/fulltext/bks/B10-08662.pdf
905 _a62
_eEman
942 _2ddc
_n0
_cBK
_e21
999 _c70976
_d70976